Daňové raje pre fyzické a právnické osoby sú stále zaujímavé

Vyprofilovanie niektorých typických daňových rajov výhodných len pre fyzické osoby a iných výhodných pre právnické osoby. Niektoré konkrétne oblasti pre jednotlivé skupiny. Holdingy, závislé poisťovne a banky, trusty, námorné spoločnosti.

Salvato in:
Dettagli Bibliografici
Autore principale: Burák, Emil
Natura: Capitolo di libro
Lingua:slovacco
Soggetti:
Tags: Aggiungi Tag
Nessun Tag, puoi essere il primo ad aggiungerne!!

MARC

LEADER 00000naa a2200000 4500
001 r037474
005 20230921105422.4
041 0 |a slo 
044 |a SK 
245 1 0 |a Daňové raje pre fyzické a právnické osoby sú stále zaujímavé  |c Emil Burák 
520 |a Vyprofilovanie niektorých typických daňových rajov výhodných len pre fyzické osoby a iných výhodných pre právnické osoby. Niektoré konkrétne oblasti pre jednotlivé skupiny. Holdingy, závislé poisťovne a banky, trusty, námorné spoločnosti. 
610 2 0 |a offshore 
610 2 0 |a osoby fyzické 
610 2 0 |a osoby právnické 
610 2 0 |a holding 
610 2 0 |a poisťovne 
610 2 0 |a banky 
610 2 0 |a trusty 
610 2 0 |a doprava námorná 
610 2 0 |a spoločnosti 
100 1 |a Burák, Emil